000 00217 a2200085 4500
020 _a978-8179933244
100 _aJoy Sen
245 _aSustainable Urban Planning
260 _b The Energy and Resources Institute, TERI
_c2013
999 _c13162
_d13162